| 000 | 00524nam a2200229Ia 4500 | ||
|---|---|---|---|
| 003 | OSt | ||
| 005 | 20220924142718.0 | ||
| 006 | a|||||r|||| 00| 0 | ||
| 007 | ta | ||
| 008 | ASM | ||
| 024 | _a303025 | ||
| 037 | _cTextual | ||
| 040 |
_aARTS _cARTS _bASM |
||
| 041 |
_2ASM _aASM |
||
| 082 | _aO158,2N30,1, L4 | ||
| 100 |
_aMahanta _9152726 |
||
| 245 | 0 | _aOmla ghar | |
| 260 | _c1974 | ||
| 650 |
_aASSAMESE LITERATURE _911738 |
||
| 942 |
_hO158,2N30,1, L4 _cTEXL _2CC |
||
| 999 |
_c451688 _d451688 |
||